| 000 | 00333nam a22001337a 4500 | ||
|---|---|---|---|
| 008 | 180803b xxu||||| |||| 00| 0 eng d | ||
| 082 | _a813.52 | ||
| 245 |
_aMultimedia manager instructor's resource CD for nutrition _cTHOMSON |
||
| 260 | _c2006 | ||
| 300 |
_a2 _fCD |
||
| 440 | _x9780534405687 | ||
| 760 | _b10 th | ||
| 942 |
_2ddc _cMX |
||
| 999 |
_c46756 _d46756 |
||